00890cas a2200241u| 45000010005000000030008000050050017000130080040000300350018000700400024000880410008001120820026001201100089001462450058002352600043002933000024003365260014003606510050003746510047004249420012004719990015004839520150004982765BD-RjUL20211208233620.0131217n1951 enk |||||||||||| ||eng| a(BD-RjUL)2792 aDLCcCarPdDLCbeng aeng 216a330.971bCAN 19511 aGreat Britain.bCommercial Relations and Exports Department [from old catalog]9886800aCanada; economic and commercial conditions in Canada. aLondon :bH. M. Stationery Off.c1951. av. 215 p. ;c25 cm. bEconomics 0aCanadaxEconomic conditionsy1918-1945.98866 0aCanadaxCommerce. [from old catalog]98867 2ddccBK c2765d2765 00102ddc40718NFICaRUCLbRUCLcReadingd2013-12-17eBritish int. serviceg5.00l0o330.971 JOC 1951r2013-12-17 00:00:00tC-1w2021-12-08yBK